Statistiques concernant Devinez le joueur avec son parcours pro N1

Cliquez ici pour prendre le quiz!

Statistiques générales

  • Ce quiz a été pris 46 fois
  • Le résultat moyen est 13 sur 15

Statistiques - réponses

ParcoursJoueurs% Correct
Monaco-PSGKylian Mbappé
100%
Real Sociedead-Atlético Madrid-Barcelone-
Atlético Madrid

Antoine Griezmann
97%
Santos-Barcelone-PSG-Al HilalNeymar
97%
Rosario-Benfica-Real Madrid-Manchester United-
PSG-Juventus-Benfica
Angel Di Maria
95%
Sporting CP-Manchester United-Real Madrid-
Juventus-Manchester United-Al Nasser
Cristiano Ronaldo
95%
Barcelone-PSG-Inter MiamiLionel Messi
95%
Grenoble-Istres-Tours-Montpellier-
Arsenal-Chelsea-Milan AC
Olivier Giroud
95%
LOSC-Chelsea-Real MadridEden Hazard
92%
Molde FK-RB Salzbourg-Borussia Dortmund-
Manchester City
Erling Haaland
92%
Nice-Lyon-Tottenham Hospur-Los AnglelesHugo Lloris
89%
Dinamo Zagreb-Tottenham Hospur-Real MadridLuka Modric
89%
Birmingham City-Borussia Dortmund-Real MadridJude Bellingham
86%
Tottenham Hospur-Leyton Orient-Tottenham Hospur-
Bayer Munich
Harry Kane
81%
LOSC-Milan ACMike Maignan
73%
Lech Poznan-Borussia Dortmund-Bayern Munich-
Barcelone
Robert Lewandoski
51%

Distribution des résultats

Percentile par nombre de réponses

% des personnes avec chaque résultat

Votre développement - résultats

Vous n’avez pas pris ce quiz